Women, work, and politics: the political economy of gender inequality
Gardado en:
| Main Authors: | , |
|---|---|
| Formato: | Libro |
| Idioma: | inglés |
| Publicado: |
New Haven
Yale University Press
2010
|
| Series: | The Yale ISPS Series
|
| Subjects: | |
| Tags: |
Engadir etiqueta
Sen Etiquetas, Sexa o primeiro en etiquetar este rexistro!
|
MARC
| LEADER | 00000cam a2200000 a 4500 | ||
|---|---|---|---|
| 001 | UCG2996 | ||
| 003 | CL-VaPUC | ||
| 008 | 100805e20100000us |||||||||||||||||eng|d | ||
| 020 | |a 9780300153101 | ||
| 082 | 0 | 4 | |a 305.420973 |b IVE |2 21 |
| 100 | 0 | |a Iversen, Torben |e author |9 551727 | |
| 700 | 0 | |a Rosenbluth, Frances |e author |9 551728 | |
| 245 | 1 | 0 | |a Women, work, and politics: the political economy of gender inequality |
| 300 | |a 202 p | ||
| 942 | |c BK | ||
| 945 | |d 20100805 00:00:00 |a mfarfan | ||
| 260 | |a New Haven |b Yale University Press |c 2010 | ||
| 650 | 0 | |a Mujer |9 255613 | |
| 650 | 0 | |a Condiciones económicas |9 258255 | |
| 650 | 0 | |a Empleo |9 339124 | |
| 650 | 0 | |a Democracia |9 255256 | |
| 583 | |a last modification |c 20140813 04:45:50 |k Rodrigo Vera | ||
| 490 | 0 | |a The Yale ISPS Series | |
| 999 | |c 342097 |d 342095 | ||
| 952 | |0 0 |1 0 |4 0 |6 305_420973000000000_IVE_2010 |7 0 |8 A |9 438061 |a BIBDER |b BIBDER |d 2019-11-22 |i 4703340 |o 305.420973 IVE 2010 |p 4703340 |r 2023-01-25 |w 2019-11-22 |y BK |k DER | ||